Responses for Show #4526 - Monday, April 19, 2004

Contestants

[<< previous game]

David Abolafia, a writer from Fishkill, New York

Wilson Lee, a computer programmer from San Diego, California

Geoff Strain, an electronics broker from Imperial Beach, California (whose 1-day cash winnings total $21,155)

[next game >>]

Jeopardy! Round responses

MEN & WOMEN OF LETTERS
MOVIE PHONE
As
20th CENTURY PRESIDENTS
EVERYONE'S TAKING SIDES
WORD ORIGINS
    $200 2
T.S. Eliot

David
    $200 7
The Matrix

Wilson
    $200 17
Oakland

David
    $200 1
(Geoff: Who is Woodrow Wilson?)

Franklin D. Roosevelt

GeoffDavid
    $200 23
beans

Wilson
    $200 16
vodka

Geoff
    $400 3
H.G. Wells

David
    $400 8
Doris Day

David
    $400 18
of

David
    $400 12
Dallas

Geoff
    $400 27
stuffing

David
    $400 22
the Gestapo

Geoff
    $600 4
P.D. James

David
    $600 9
Phone Booth

David
    $600 19
1.5

David
    $600 13
Jimmy Carter

Geoff
    $600 28
grits

David
    $600 24
crevasse

Wilson
    $800 5
H.L. Mencken

Wilson
    $800 10
BUtterfield 8

David
    $800 20
(David: What is the AAA club?)

AAA (American Automobile Association)

David
    $800 14
Richard Nixon

Geoff
    $800 29
sauerkraut

Geoff
    $800 25
Sputnik

David
    $1000 6
W.H. Auden

Wilson
    $1000 11
The Ring

Wilson
    $1000 21
angstrom

Wilson
    $1000 15
Theodore Roosevelt

Wilson
    $1000 30
yogurt

David
    $2,000 26
elderberry

David

Scores at the first commercial break (after clue 15):

Geoff Wilson David
$1,600 $4,000 $3,200

Scores at the end of the Jeopardy! Round:

Geoff Wilson David
$3,000 $5,800 $10,000

Double Jeopardy! Round responses

SCIENTISTS
THEIR LAST TOP 10 HIT
U.S.A.
RELIGION
JOE, ANNES & JOANNES
"ONE", "TWO", "THREE"
    $400 21
(Geoff: Who is Madame Curie?)

Marie Curie

Geoff
    $400 1
Marvin Gaye

Wilson
    $400 2
Bob Hope

David
    $400 28
Nepal

David
    $400 12
Joe DiMaggio

David
    $400 7
one-liners

Geoff
    $800 22
Louis Pasteur

Geoff
    $800 3
The Who

David
    $800 17
Hawaii

David
    $800 24
(David: What is a see?)

diocese

WilsonDavid
    $800 13
Joe Louis

David
    $800 8
having two feet

David
    $4,000 23
Sir Isaac Newton

Geoff
    $1200 4
George Harrison

Geoff
    $1200 18
St. Augustine

David
    $1200 25
Calvinism

David
    $1200 14
Joanne Woodward

David
    $1200 9
Two-step

David
    $1600 26
(Dmitri) Mendeleev

David
    $1600 5
Billy Ocean

David
    $1600 19
Indiana

Wilson
    $1600 29
Medina

Geoff
    $5,200 15
(David: Who is Anne of Cleves?)

Anne Boleyn

David
    $1600 10
The Threepenny Opera

David
    $2000 27
John Dalton (Daltonism)

Triple Stumper
    $2000 6
Jim Croce

David
    $2000 20
New Hampshire

David
    $2000 30
Sukkot

Triple Stumper
    $2000 16
Anne Tyler

David
    $2000 11
One, Two, Three

David

Scores at the end of the Double Jeopardy! Round:

Geoff Wilson David
$11,400 $8,600 $26,000
(lock game)

[wagering suggestions for these scores]

Final Jeopardy! Round responses

INTERNATIONAL ORGANIZATIONS
(Alex: The first modern Olympics held in 1896.)
WilsonWhat is International Olympic Committee?
$2,801
GeoffWhat is Noble Prize Commitee
$8,555
DavidWhat is the Int'l Olympic Committee?
$1,000
the International Olympic Committee

Final scores:

Geoff Wilson David
$2,845 $11,401 $27,000
3rd place: $1,000 2nd place: $2,000 New champion: $27,000

Game dynamics:

Coryat scores:

Geoff Wilson David
$8,600 $8,600 $30,200
12 R
(including 1 DD),
1 W
11 R,
0 W
34 R
(including 1 DD),
2 W
(including 1 DD)

Combined Coryat: $47,400

[game clues] [game scores] [suggest correction]

Game tape date: 2004-02-03
The J! Archive is created by fans, for fans. Scraping, republication, monetization, and malicious use prohibited; this site may use cookies and collect identifying information. See terms. The Jeopardy! game show and all elements thereof, including but not limited to copyright and trademark thereto, are the property of Jeopardy Productions, Inc. and are protected under law. This website is not affiliated with, sponsored by, or operated by Jeopardy Productions, Inc. Join the discussion at JBoard.tv.